El escultor y arquitecto Juan de Oviedo y de la Bandera, 1565-1625 (Record no. 93830)

MARC details
000 -LEADER
campo de control de longitud fija 00618nam a2200157 i 4500
001 - NÚMERO DE CONTROL
campo de control 93830
003 - IDENTIFICADOR DE NÚMERO DE CONTROL
campo de control ES-MaACL
005 - FECHA Y HORA DE LA ÚLTIMA TRANSACCIÓN
campo de control 20230906181327.0
007 - CAMPO FIJO DE DESCRIPCIÓN FÍSICA--INFORMACIÓN GENERAL
campo de control de longitud fija t|
008 - DATOS DE LONGITUD FIJA--INFORMACIÓN GENERAL
campo de control de longitud fija 050420s1943 sp ||||1| spa d
100 1# - ENTRADA PRINCIPAL--NOMBRE DE PERSONA
Nombre de persona López Martínez, Celestino.
9 (RLIN) 73757
245 13 - MENCIÓN DEL TÍTULO
Título El escultor y arquitecto Juan de Oviedo y de la Bandera, 1565-1625
Resto del título : discurso de ingreso en la Real Academia Sevillana de Bellas Artes de Sta. Isabel de Hungría, el 20 de Junio de 1943 /
Mención de responsabilidad, etc. por Celestino López Martínez.
260 ## - PUBLICACIÓN, DISTRIBUCIÓN, ETC.
Lugar de publicación, distribución, etc. Sevilla :
Nombre del editor, distribuidor, etc. Imprenta San Antonio,
Fecha de publicación, distribución, etc. 1943.
300 ## - DESCRIPCIÓN FÍSICA
Extensión 66 p. ;
Dimensiones 22 cm.
852 ## - LOCALIZACIÓN
Ubicación ES-MaACL
Número de control de estantería 1844-F-6
Sublocalización o colección R.20926
Holdings
Estatus retirado Estado de pérdida Estado de daño No para préstamo Colección Biblioteca de origen Biblioteca actual Ubicación en estantería Fecha de adquisición Fuente de adquisición Total de préstamos Signatura topográfica completa Código de barras Visto por última vez Precio de reemplazo Tipo de ítem Koha
        Colección de folletos Biblioteca del Ateneo de Madrid Biblioteca del Ateneo de Madrid Depósito folletos 17/01/2008     1844-F-6 1097991 23/02/2023 23/02/2023 Folleto